000 00547nam a22002177a 4500
003 OSt
005 20140310182759.0
008 130213t xxu||||| |||| 00| 0 eng d
020 _a9789380540238
050 _aG 155.A1
_b.C552 2010
100 _aChoudhary, Vikash
245 _aRecreational tourism /
_cVikash Choudhary.
260 _aNew Delhi :
_bCentrum Press,
_c2010.
300 _a328 p. :
_c21.5 cm.
521 _aTOU
650 _aTourism
650 _aRecreation
942 _2lcc
_cBK
_kFOR
999 _c15933
_d15933